| 000 | 00415nam a2200145Ia 4500 | ||
|---|---|---|---|
| 008 | 210423s2005 xx 000 0 und d | ||
| 082 | _a331 REDL | ||
| 100 | _aREDDY (R Jayaprakash) | ||
| 245 | _aLabour welfare and personnel service | ||
| 260 |
_aNew Delhi _bAPH Publications _c2005 |
||
| 365 |
_b250 _cINR |
||
| 650 | _aEconomics | ||
| 650 | _aLabour Economics | ||
| 906 | _aLabour ; personnel ; service ; welfare | ||
| 999 |
_c174096 _d174096 |
||